| 000 | 00444nam a22001817a 4500 | ||
|---|---|---|---|
| 003 | MPLRDC | ||
| 005 | 20220104142925.0 | ||
| 008 | 210129b ||||| |||| 00| 0 eng d | ||
| 020 | _a7-5048-0225-5 | ||
| 082 | _a177.3 JBL | ||
| 100 | _a赖斯. 吉布林著; 孙健敏译 | ||
| 245 |
_a人际关系的艺术 _c |
||
| 250 | _a一版一刷 | ||
| 260 |
_a _b农村读物出社 _c1991 |
||
| 300 | _b平 | ||
| 650 | _a | ||
| 942 |
_cBK _o177.3 JBL |
||
| 999 |
_c34927 _d34917 |
||